[Event "Deutsche Ländermeisterschaft 2014"]
[Site "Hannover GER"]
[Date "2014.10.04"]
[Round "3"]
[White "Mons, Leon"]
[Black "Krause, Jonah"]
[Result "1/2-1/2"]
[Termination "normal"]
[Board "3.2"]
[WhiteTitle "IM"]
[WhiteElo "2416"]
[BlackElo "2148"]
[WhiteClock "00:18:58"]
[BlackClock "00:23:08"]
[WhiteTeam "Baden 1"]
[BlackTeam "Schleswig-Holstein"]
[PlyCount "150"]
[WhiteFideId "4614950"]
[BlackFideId "12907910"]
[EventCountry "GER"]
[EventRounds "7"]
[EventType "team-swiss"]
[EventDate "2014.10.02"]

1. Nf3 {[%clk 1:30:00]} Nf6 {[%clk 1:30:54]} 2. g3 {[%clk 1:29:41]} g6 {[%clk
1:31:18]} 3. b3 {[%clk 1:30:01]} Bg7 {[%clk 1:31:21]} 4. Bb2 {[%clk 1:30:26]}
O-O {[%clk 1:31:28]} 5. Bg2 {[%clk 1:30:49]} c5 {[%clk 1:28:13]} 6. c4 {[%clk
1:30:27]} Nc6 {[%clk 1:23:59]} 7. O-O {[%clk 1:29:50]} b6 {[%clk 1:20:43]} 8.
d4 {[%clk 1:29:17]} cxd4 {[%clk 1:21:07]} 9. Nxd4 {[%clk 1:29:41]} Bb7 {[%clk
1:20:48]} 10. Nc3 {[%clk 1:28:02]} Qb8 {[%clk 1:19:20]} 11. Nc2 {[%clk
1:18:33]} Ne5 {[%clk 1:09:51]} 12. e4 {[%clk 1:16:15]} d6 {[%clk 1:09:11]} 13.
Ne3 {[%clk 1:15:16]} Re8 {[%clk 1:07:55]} 14. Qe2 {[%clk 1:11:16]} Bc6 {[%clk
1:02:06]} 15. Rfd1 {[%clk 1:04:34]} Qb7 {[%clk 1:00:05]} 16. Ned5 {[%clk
1:01:47]} a5 {[%clk 0:56:18]} 17. Rac1 {[%clk 0:51:33]} Rac8 {[%clk 0:53:01]}
18. Re1 {[%clk 0:36:20]} Ned7 {[%clk 0:51:45]} 19. Rcd1 {[%clk 0:35:57]} Nc5
{[%clk 0:50:02]} 20. Nxf6+ {[%clk 0:34:37]} Bxf6 {[%clk 0:49:33]} 21. Nd5
{[%clk 0:34:26]} Bxb2 {[%clk 0:48:50]} 22. Qxb2 {[%clk 0:34:54]} Bxd5 {[%clk
0:46:14]} 23. Rxd5 {[%clk 0:33:35]} b5 {[%clk 0:41:44]} 24. e5 {[%clk 0:32:03]}
Qb6 {[%clk 0:41:09]} 25. cxb5 {[%clk 0:31:44]} Qxb5 {[%clk 0:41:16]} 26. Qe2
{[%clk 0:28:24]} Qb8 {[%clk 0:37:09]} 27. Qd2 {[%clk 0:27:25]} Qb4 {[%clk
0:30:11]} 28. Rd4 {[%clk 0:21:43]} Qxd2 {[%clk 0:25:19]} 29. Rxd2 {[%clk
0:22:08]} dxe5 {[%clk 0:25:13]} 30. Rxe5 {[%clk 0:20:56]} Rc7 {[%clk 0:25:23]}
31. Rc2 {[%clk 0:15:02]} Rec8 {[%clk 0:25:41]} 32. Bf3 {[%clk 0:14:04]} e6
{[%clk 0:25:13]} 33. Rc4 {[%clk 0:12:25]} Kf8 {[%clk 0:24:59]} 34. Re3 {[%clk
0:11:04]} Ke7 {[%clk 0:23:30]} 35. a3 {[%clk 0:10:40]} Kd6 {[%clk 0:22:28]} 36.
Rd4+ {[%clk 0:11:01]} Ke7 {[%clk 0:22:51]} 37. b4 {[%clk 0:10:54]} axb4 {[%clk
0:23:19]} 38. axb4 {[%clk 0:11:17]} Na4 {[%clk 0:22:52]} 39. b5 {[%clk
0:11:09]} Rc4 {[%clk 0:21:53]} 40. Rd2 {[%clk 0:07:10]} Rc2 {[%clk 0:18:42]}
41. Rxc2 {[%clk 0:06:24]} Rxc2 {[%clk 0:19:08]} 42. Ra3 {[%clk 0:06:19]} Rc4
{[%clk 0:18:39]} 43. Bc6 {[%clk 0:06:27]} Rb4 {[%clk 0:18:24]} 44. Kf1 {[%clk
0:06:35]} h5 {[%clk 0:18:22]} 45. h4 {[%clk 0:06:50]} f6 {[%clk 0:16:50]} 46.
Re3 {[%clk 0:04:41]} Nb6 {[%clk 0:15:06]} 47. Re4 {[%clk 0:03:54]} Rb2 {[%clk
0:11:30]} 48. Kg2 {[%clk 0:01:39]} Rb3 {[%clk 0:07:53]} 49. Re3 {[%clk
0:01:02]} Rb4 {[%clk 0:07:45]} 50. Ra3 {[%clk 0:29:39]} Na4 {[%clk 0:37:51]}
51. Bf3 {[%clk 0:29:13]} f5 {[%clk 0:33:05]} 52. Bd1 {[%clk 0:28:47]} Nb6
{[%clk 0:32:09]} 53. Rb3 {[%clk 0:26:32]} Rd4 {[%clk 0:32:30]} 54. Be2 {[%clk
0:26:48]} Kf6 {[%clk 0:31:18]} 55. Rc3 {[%clk 0:26:19]} Rb4 {[%clk 0:31:04]}
56. Rc6 {[%clk 0:26:14]} Nd5 {[%clk 0:31:04]} 57. Bc4 {[%clk 0:24:31]} Ke5
{[%clk 0:27:28]} 58. Kf3 {[%clk 0:18:43]} Kd4 {[%clk 0:20:17]} 59. Bxd5 {[%clk
0:19:01]} Kxd5 {[%clk 0:20:35]} 60. Rb6 {[%clk 0:19:18]} Ke5 {[%clk 0:19:48]}
61. Rb8 {[%clk 0:19:36]} Rb3+ {[%clk 0:20:06]} 62. Kg2 {[%clk 0:20:01]} Kf6
{[%clk 0:20:24]} 63. b6 {[%clk 0:20:22]} Kg7 {[%clk 0:20:45]} 64. f4 {[%clk
0:18:55]} Kf7 {[%clk 0:20:46]} 65. b7 {[%clk 0:18:48]} Kg7 {[%clk 0:21:10]} 66.
Kf2 {[%clk 0:19:16]} Rb2+ {[%clk 0:21:32]} 67. Ke3 {[%clk 0:19:42]} Rb3+ {[%clk
0:21:43]} 68. Kd4 {[%clk 0:20:08]} Rb1 {[%clk 0:22:04]} 69. Kc5 {[%clk
0:20:06]} Rc1+ {[%clk 0:22:26]} 70. Kd6 {[%clk 0:20:28]} Rd1+ {[%clk 0:22:50]}
71. Ke7 {[%clk 0:20:15]} Rb1 {[%clk 0:23:13]} 72. Rd8 {[%clk 0:17:54]} Rxb7+
{[%clk 0:23:34]} 73. Kxe6 {[%clk 0:18:21]} Rb3 {[%clk 0:22:45]} 74. Rd7+ {[%clk
0:18:47]} Kh6 {[%clk 0:23:05]} 75. Kf7 {[%clk 0:18:58]} Rb8 {[%clk 0:23:08]}
1/2-1/2

[Event "Deutsche Ländermeisterschaft 2014"]
[Site "Hannover GER"]
[Date "2014.10.04"]
[Round "3"]
[White "Kololli, Kevin"]
[Black "Gschnitzer, Adrian"]
[Result "1-0"]
[Termination "normal"]
[Board "3.3"]
[WhiteElo "2161"]
[BlackElo "2041"]
[WhiteClock "01:17:15"]
[BlackClock "00:32:32"]
[WhiteTeam "Schleswig-Holstein"]
[BlackTeam "Baden 1"]
[PlyCount "65"]
[WhiteFideId "12936863"]
[BlackFideId "1270337"]
[EventCountry "GER"]
[EventRounds "7"]
[EventType "team-swiss"]
[EventDate "2014.10.02"]

1. e4 {[%clk 1:30:57]} c5 {[%clk 1:30:52]} 2. Nf3 {[%clk 1:31:17]} Nc6 {[%clk
1:30:58]} 3. c3 {[%clk 1:31:32]} d5 {[%clk 1:28:08]} 4. exd5 {[%clk 1:31:52]}
Qxd5 {[%clk 1:28:31]} 5. d4 {[%clk 1:32:13]} Bg4 {[%clk 1:27:13]} 6. Be2 {[%clk
1:32:32]} e6 {[%clk 1:26:50]} 7. O-O {[%clk 1:32:26]} Nf6 {[%clk 1:26:28]} 8.
Be3 {[%clk 1:32:30]} cxd4 {[%clk 1:24:07]} 9. cxd4 {[%clk 1:32:49]} Be7 {[%clk
1:23:53]} 10. h3 {[%clk 1:32:50]} Bh5 {[%clk 1:22:49]} 11. Nc3 {[%clk 1:33:04]}
Qd8 {[%clk 1:22:17]} 12. Qb3 {[%clk 1:31:59]} Qb6 {[%clk 1:18:34]} 13. Qxb6
{[%clk 1:25:57]} axb6 {[%clk 1:19:00]} 14. g4 {[%clk 1:26:05]} Bg6 {[%clk
1:19:16]} 15. Ne5 {[%clk 1:24:44]} Nxe5 {[%clk 1:01:59]} 16. dxe5 {[%clk
1:25:04]} Nd7 {[%clk 1:02:24]} 17. Bb5 {[%clk 1:25:05]} Bc5 {[%clk 1:02:04]}
18. Rfd1 {[%clk 1:25:06]} O-O-O {[%clk 0:59:52]} 19. Bg5 {[%clk 1:20:25]} Nxe5
{[%clk 0:48:47]} 20. Rxd8+ {[%clk 1:20:42]} Rxd8 {[%clk 0:49:15]} 21. Bxd8
{[%clk 1:20:57]} Kxd8 {[%clk 0:49:34]} 22. Rd1+ {[%clk 1:20:55]} Ke7 {[%clk
0:49:25]} 23. Kg2 {[%clk 1:20:03]} f5 {[%clk 0:45:19]} 24. f4 {[%clk 1:18:01]}
Nc6 {[%clk 0:45:33]} 25. Bxc6 {[%clk 1:17:56]} bxc6 {[%clk 0:46:00]} 26. Na4
{[%clk 1:16:51]} Be3 {[%clk 0:42:15]} 27. Kf3 {[%clk 1:15:49]} fxg4+ {[%clk
0:35:49]} 28. Kxe3 {[%clk 1:16:06]} Bc2 {[%clk 0:36:07]} 29. Rd4 {[%clk
1:16:21]} gxh3 {[%clk 0:36:04]} 30. Kf2 {[%clk 1:16:30]} c5 {[%clk 0:33:17]}
31. Rc4 {[%clk 1:16:48]} h2 {[%clk 0:32:10]} 32. Kg2 {[%clk 1:17:06]} Bd1
{[%clk 0:32:32]} 33. Nxb6 {[%clk 1:17:15]} 1-0

[Event "Deutsche Ländermeisterschaft 2014"]
[Site "Hannover GER"]
[Date "2014.10.04"]
[Round "3"]
[White "Wiesner, Paula"]
[Black "Kololli, Martin"]
[Result "0-1"]
[Termination "normal"]
[Board "3.4"]
[WhiteElo "1985"]
[BlackElo "2200"]
[WhiteClock "00:15:57"]
[BlackClock "00:13:58"]
[WhiteTeam "Baden 1"]
[BlackTeam "Schleswig-Holstein"]
[PlyCount "120"]
[WhiteFideId "24654019"]
[BlackFideId "12936910"]
[EventCountry "GER"]
[EventRounds "7"]
[EventType "team-swiss"]
[EventDate "2014.10.02"]

1. d4 {[%clk 1:30:57]} Nf6 {[%clk 1:30:27]} 2. c4 {[%clk 1:31:24]} e6 {[%clk
1:30:38]} 3. Nc3 {[%clk 1:31:48]} Bb4 {[%clk 1:30:23]} 4. e3 {[%clk 1:31:56]}
c5 {[%clk 1:24:01]} 5. Bd3 {[%clk 1:31:11]} O-O {[%clk 1:21:11]} 6. Nge2 {[%clk
1:30:46]} Nc6 {[%clk 1:21:20]} 7. O-O {[%clk 1:29:59]} d6 {[%clk 1:14:19]} 8.
Qc2 {[%clk 1:28:06]} Bxc3 {[%clk 1:10:44]} 9. Qxc3 {[%clk 1:26:03]} Qa5 {[%clk
0:56:27]} 10. Qxa5 {[%clk 1:24:01]} Nxa5 {[%clk 0:56:51]} 11. Bd2 {[%clk
1:20:32]} Nc6 {[%clk 0:57:02]} 12. Bc3 {[%clk 1:19:52]} b6 {[%clk 0:50:29]} 13.
Rfd1 {[%clk 1:17:07]} Bb7 {[%clk 0:50:19]} 14. Rac1 {[%clk 1:15:54]} Rfd8
{[%clk 0:46:55]} 15. f3 {[%clk 1:06:02]} Rac8 {[%clk 0:38:18]} 16. b3 {[%clk
1:04:38]} a5 {[%clk 0:35:27]} 17. e4 {[%clk 1:01:40]} e5 {[%clk 0:31:47]} 18.
dxe5 {[%clk 0:48:44]} dxe5 {[%clk 0:30:59]} 19. Bb2 {[%clk 0:48:16]} a4 {[%clk
0:23:29]} 20. bxa4 {[%clk 0:41:30]} Ra8 {[%clk 0:19:46]} 21. Nc3 {[%clk
0:38:24]} Nd4 {[%clk 0:19:28]} 22. Bc2 {[%clk 0:34:13]} Bc6 {[%clk 0:19:03]}
23. Bb3 {[%clk 0:32:26]} Nh5 {[%clk 0:17:06]} 24. Kf2 {[%clk 0:29:56]} Nf4
{[%clk 0:15:38]} 25. Bc2 {[%clk 0:26:01]} Nfe6 {[%clk 0:11:22]} 26. Nb5 {[%clk
0:19:00]} Bxb5 {[%clk 0:07:00]} 27. cxb5 {[%clk 0:18:19]} c4 {[%clk 0:07:27]}
28. Bc3 {[%clk 0:15:19]} f6 {[%clk 0:07:16]} 29. Rd2 {[%clk 0:12:55]} Kf7
{[%clk 0:06:53]} 30. Ke3 {[%clk 0:09:54]} Nxc2+ {[%clk 0:03:10]} 31. Rcxc2
{[%clk 0:09:23]} Rxa4 {[%clk 0:03:18]} 32. Rxd8 {[%clk 0:05:30]} Nxd8 {[%clk
0:03:43]} 33. Kd2 {[%clk 0:03:52]} Nb7 {[%clk 0:03:12]} 34. Rb2 {[%clk
0:03:17]} Nc5 {[%clk 0:03:36]} 35. Rc2 {[%clk 0:02:03]} Ke6 {[%clk 0:03:22]}
36. Kc1 {[%clk 0:01:36]} Nd3+ {[%clk 0:03:31]} 37. Kb1 {[%clk 0:01:50]} Kd6
{[%clk 0:03:30]} 38. Bd2 {[%clk 0:01:19]} Kc5 {[%clk 0:03:44]} 39. Rc3 {[%clk
0:01:24]} Kxb5 {[%clk 0:03:19]} 40. a3 {[%clk 0:01:29]} Kc6 {[%clk 0:03:14]}
41. Ka2 {[%clk 0:00:49]} b5 {[%clk 0:03:09]} 42. Kb1 {[%clk 0:28:11]} Ra8
{[%clk 0:30:43]} 43. Kc2 {[%clk 0:24:59]} Nc5 {[%clk 0:30:41]} 44. Bc1 {[%clk
0:22:35]} Nb3 {[%clk 0:21:26]} 45. Kb2 {[%clk 0:21:50]} Rd8 {[%clk 0:18:48]}
46. Kc2 {[%clk 0:21:32]} Nd4+ {[%clk 0:18:33]} 47. Kb2 {[%clk 0:21:28]} Ne2
{[%clk 0:16:33]} 48. Re3 {[%clk 0:20:01]} Nf4 {[%clk 0:12:38]} 49. g3 {[%clk
0:19:57]} Nd3+ {[%clk 0:12:56]} 50. Kc2 {[%clk 0:19:55]} Kc5 {[%clk 0:13:17]}
51. Bd2 {[%clk 0:17:43]} Ra8 {[%clk 0:13:39]} 52. Bc1 {[%clk 0:17:35]} Nxc1
{[%clk 0:13:34]} 53. Kxc1 {[%clk 0:18:01]} Kd4 {[%clk 0:13:57]} 54. Re2 {[%clk
0:15:22]} Rxa3 {[%clk 0:14:22]} 55. Rd2+ {[%clk 0:15:30]} Rd3 {[%clk 0:14:34]}
56. Rb2 {[%clk 0:15:47]} Rxf3 {[%clk 0:14:00]} 57. Rxb5 {[%clk 0:16:07]} Rf1+
{[%clk 0:14:22]} 58. Kb2 {[%clk 0:15:47]} c3+ {[%clk 0:13:15]} 59. Kc2 {[%clk
0:16:06]} Rf2+ {[%clk 0:13:39]} 60. Kd1 {[%clk 0:15:57]} Rxh2 {[%clk 0:13:58]}
0-1

[Event "Deutsche Ländermeisterschaft 2014"]
[Site "Hannover GER"]
[Date "2014.10.04"]
[Round "3"]
[White "Trifan, Andrei Ioan"]
[Black "Köhler, Inken"]
[Result "1-0"]
[Termination "normal"]
[Board "3.6"]
[WhiteElo "1689"]
[BlackElo "1718"]
[WhiteClock "01:22:49"]
[BlackClock "01:16:25"]
[WhiteTeam "Baden 1"]
[BlackTeam "Schleswig-Holstein"]
[PlyCount "39"]
[WhiteFideId "12967068"]
[BlackFideId "12929301"]
[EventCountry "GER"]
[EventRounds "7"]
[EventType "team-swiss"]
[EventDate "2014.10.02"]

1. e4 {[%clk 1:30:53]} c5 {[%clk 1:30:36]} 2. Nf3 {[%clk 1:30:48]} e6 {[%clk
1:30:57]} 3. d4 {[%clk 1:30:39]} cxd4 {[%clk 1:31:18]} 4. Nxd4 {[%clk 1:30:48]}
Nf6 {[%clk 1:31:36]} 5. Nc3 {[%clk 1:28:51]} Nc6 {[%clk 1:31:46]} 6. Be2 {[%clk
1:26:41]} Bb4 {[%clk 1:29:39]} 7. Nxc6 {[%clk 1:23:06]} bxc6 {[%clk 1:29:49]}
8. Bg5 {[%clk 1:22:47]} h6 {[%clk 1:26:23]} 9. Bh4 {[%clk 1:22:08]} g5 {[%clk
1:24:48]} 10. Bg3 {[%clk 1:22:26]} Nxe4 {[%clk 1:19:59]} 11. Qd4 {[%clk
1:21:47]} Bxc3+ {[%clk 1:18:25]} 12. bxc3 {[%clk 1:22:09]} Nf6 {[%clk 1:18:17]}
13. Be5 {[%clk 1:21:00]} c5 {[%clk 1:17:59]} 14. Qxc5 {[%clk 1:21:08]} Rg8
{[%clk 1:17:49]} 15. Bc7 {[%clk 1:20:59]} Qe7 {[%clk 1:17:20]} 16. Bd6 {[%clk
1:21:20]} Qd8 {[%clk 1:17:19]} 17. Bf3 {[%clk 1:21:37]} Nd5 {[%clk 1:15:54]}
18. Bxd5 {[%clk 1:22:02]} exd5 {[%clk 1:16:18]} 19. Qe3+ {[%clk 1:22:25]} Qe7
{[%clk 1:16:25]} 20. Qxe7# {[%clk 1:22:49]} 1-0

[Event "Deutsche Ländermeisterschaft 2014"]
[Site "Hannover GER"]
[Date "2014.10.04"]
[Round "3"]
[White "Rosmait, Emily"]
[Black "Mangei, Jasmin"]
[Result "1/2-1/2"]
[Termination "normal"]
[Board "3.7"]
[WhiteElo "1821"]
[BlackElo "1796"]
[WhiteClock "00:24:18"]
[BlackClock "00:40:24"]
[WhiteTeam "Schleswig-Holstein"]
[BlackTeam "Baden 1"]
[PlyCount "86"]
[WhiteFideId "12937754"]
[BlackFideId "12951803"]
[EventCountry "GER"]
[EventRounds "7"]
[EventType "team-swiss"]
[EventDate "2014.10.02"]

1. e4 {[%clk 1:30:57]} e5 {[%clk 1:30:55]} 2. Nf3 {[%clk 1:31:19]} Nc6 {[%clk
1:31:22]} 3. Bb5 {[%clk 1:31:41]} a6 {[%clk 1:31:47]} 4. Ba4 {[%clk 1:32:05]}
Nf6 {[%clk 1:32:06]} 5. d4 {[%clk 1:31:24]} b5 {[%clk 1:24:09]} 6. Bb3 {[%clk
1:31:48]} exd4 {[%clk 1:20:31]} 7. O-O {[%clk 1:24:12]} Be7 {[%clk 1:10:40]} 8.
Re1 {[%clk 1:22:06]} d6 {[%clk 1:09:27]} 9. Bd5 {[%clk 1:20:48]} Nxd5 {[%clk
0:59:57]} 10. exd5 {[%clk 1:20:57]} Nb8 {[%clk 0:58:05]} 11. Nxd4 {[%clk
1:19:57]} O-O {[%clk 0:57:25]} 12. Nc3 {[%clk 1:16:18]} Bb7 {[%clk 0:54:34]}
13. Nf5 {[%clk 1:12:56]} Bf6 {[%clk 0:53:51]} 14. Ne4 {[%clk 1:12:53]} Be5
{[%clk 0:48:12]} 15. c3 {[%clk 0:47:46]} Nd7 {[%clk 0:43:58]} 16. Bg5 {[%clk
0:45:56]} f6 {[%clk 0:37:04]} 17. Be3 {[%clk 0:40:22]} g6 {[%clk 0:33:02]} 18.
Nh6+ {[%clk 0:37:11]} Kg7 {[%clk 0:32:51]} 19. f4 {[%clk 0:32:34]} Bxc3 {[%clk
0:23:48]} 20. bxc3 {[%clk 0:27:13]} Kxh6 {[%clk 0:23:55]} 21. Qd4 {[%clk
0:23:52]} Nb6 {[%clk 0:21:56]} 22. a4 {[%clk 0:07:07]} Nxd5 {[%clk 0:21:32]}
23. Bd2 {[%clk 0:05:43]} bxa4 {[%clk 0:19:15]} 24. f5+ {[%clk 0:05:08]} Kg7
{[%clk 0:19:16]} 25. Ng5 {[%clk 0:02:23]} Qd7 {[%clk 0:16:13]} 26. Ne6+ {[%clk
0:02:36]} Kf7 {[%clk 0:16:23]} 27. Nxf8 {[%clk 0:02:52]} Rxf8 {[%clk 0:16:52]}
28. fxg6+ {[%clk 0:03:06]} hxg6 {[%clk 0:17:14]} 29. Qxa4 {[%clk 0:01:31]} Qxa4
{[%clk 0:16:17]} 30. Rxa4 {[%clk 0:02:00]} Nb6 {[%clk 0:15:15]} 31. Rf4 {[%clk
0:00:53]} Nd5 {[%clk 0:15:35]} 32. Rc4 {[%clk 0:00:59]} a5 {[%clk 0:15:31]} 33.
Rb1 {[%clk 0:01:15]} Ba6 {[%clk 0:14:57]} 34. Ra4 {[%clk 0:01:11]} Bd3 {[%clk
0:14:22]} 35. Rba1 {[%clk 0:01:06]} Rb8 {[%clk 0:12:52]} 36. Rxa5 {[%clk
0:00:55]} c6 {[%clk 0:12:29]} 37. Ra7+ {[%clk 0:00:54]} Ke6 {[%clk 0:12:56]}
38. Re1+ {[%clk 0:01:08]} Kf5 {[%clk 0:13:25]} 39. Rd7 {[%clk 0:00:40]} Rb2
{[%clk 0:13:37]} 40. Bc1 {[%clk 0:00:49]} Rc2 {[%clk 0:14:00]} 41. Rxd6 {[%clk
0:29:57]} Rxc3 {[%clk 0:44:05]} 42. Bb2 {[%clk 0:29:11]} Rc2 {[%clk 0:43:56]}
43. Bd4 {[%clk 0:24:18]} Be4 {[%clk 0:40:24]} 1/2-1/2

[Event "Deutsche Ländermeisterschaft 2014"]
[Site "Hannover GER"]
[Date "2014.10.04"]
[Round "3"]
[White "Mütsch, Annmarie"]
[Black "Schönweiler, Elisabeth"]
[Result "1-0"]
[Termination "normal"]
[Board "3.8"]
[WhiteElo "1658"]
[BlackElo "1249"]
[WhiteClock "00:47:47"]
[BlackClock "00:05:35"]
[WhiteTeam "Baden 1"]
[BlackTeam "Schleswig-Holstein"]
[PlyCount "85"]
[WhiteFideId "12971367"]
[BlackFideId "12997005"]
[EventCountry "GER"]
[EventRounds "7"]
[EventType "team-swiss"]
[EventDate "2014.10.02"]

1. e4 {[%clk 1:30:30]} c5 {[%clk 1:31:23]} 2. c3 {[%clk 1:31:22]} e6 {[%clk
1:31:32]} 3. d4 {[%clk 1:31:45]} cxd4 {[%clk 1:31:52]} 4. cxd4 {[%clk 1:32:07]}
a6 {[%clk 1:32:10]} 5. Nc3 {[%clk 1:32:18]} Qc7 {[%clk 1:31:58]} 6. Bd3 {[%clk
1:31:56]} Nc6 {[%clk 1:32:07]} 7. Nge2 {[%clk 1:32:11]} d6 {[%clk 1:30:35]} 8.
Be3 {[%clk 1:32:15]} Nf6 {[%clk 1:30:03]} 9. Rc1 {[%clk 1:31:19]} Qb8 {[%clk
1:28:53]} 10. a3 {[%clk 1:31:19]} Be7 {[%clk 1:27:06]} 11. O-O {[%clk 1:31:33]}
O-O {[%clk 1:25:53]} 12. h3 {[%clk 1:31:17]} Bd7 {[%clk 1:20:39]} 13. f4 {[%clk
1:31:07]} Ne8 {[%clk 0:58:01]} 14. e5 {[%clk 1:29:44]} dxe5 {[%clk 0:55:33]}
15. fxe5 {[%clk 1:29:51]} f6 {[%clk 0:54:00]} 16. exf6 {[%clk 1:29:25]} Nxf6
{[%clk 0:53:35]} 17. Bb1 {[%clk 1:24:32]} Rf7 {[%clk 0:51:13]} 18. Qd3 {[%clk
1:23:51]} Qf8 {[%clk 0:39:50]} 19. Bg5 {[%clk 1:21:36]} g6 {[%clk 0:36:44]} 20.
Qe3 {[%clk 1:18:26]} Nh5 {[%clk 0:33:45]} 21. Bh6 {[%clk 1:16:23]} Qe8 {[%clk
0:28:59]} 22. Rxf7 {[%clk 1:12:05]} Qxf7 {[%clk 0:24:18]} 23. Rf1 {[%clk
1:11:22]} Qe8 {[%clk 0:23:11]} 24. Ne4 {[%clk 1:09:06]} Qd8 {[%clk 0:20:13]}
25. Qf3 {[%clk 1:06:15]} Qe8 {[%clk 0:18:49]} 26. Ba2 {[%clk 1:04:15]} Nd8
{[%clk 0:16:26]} 27. g4 {[%clk 1:01:58]} Ng7 {[%clk 0:14:54]} 28. Nf6+ {[%clk
1:02:08]} Bxf6 {[%clk 0:15:10]} 29. Qxf6 {[%clk 1:02:31]} Qf7 {[%clk 0:12:58]}
30. Qe5 {[%clk 0:58:18]} Qe7 {[%clk 0:12:23]} 31. Bg5 {[%clk 0:58:01]} Qe8
{[%clk 0:12:16]} 32. Bf6 {[%clk 0:54:13]} Nf7 {[%clk 0:11:28]} 33. Qg3 {[%clk
0:51:34]} Rc8 {[%clk 0:11:23]} 34. Nc3 {[%clk 0:51:44]} b5 {[%clk 0:11:16]} 35.
Qh4 {[%clk 0:50:49]} h6 {[%clk 0:10:17]} 36. Bxg7 {[%clk 0:48:57]} Kxg7 {[%clk
0:08:29]} 37. Qf6+ {[%clk 0:47:28]} Kg8 {[%clk 0:08:15]} 38. Qxg6+ {[%clk
0:47:48]} Kf8 {[%clk 0:08:34]} 39. Qxh6+ {[%clk 0:47:53]} Kg8 {[%clk 0:07:27]}
40. Qg6+ {[%clk 0:47:56]} Kf8 {[%clk 0:07:06]} 41. Ne4 {[%clk 0:48:09]} Rc7
{[%clk 0:06:05]} 42. Nd6 {[%clk 0:47:28]} Qe7 {[%clk 0:05:35]} 43. Rxf7+ {[%clk
0:47:47]} 1-0

[Event "Deutsche Ländermeisterschaft 2014"]
[Site "Hannover GER"]
[Date "2014.10.04"]
[Round "3"]
[White "Urban, Lars"]
[Black "Carow, Johannes"]
[Result "0-1"]
[Termination "normal"]
[Board "4.1"]
[BlackTitle "FM"]
[WhiteElo "2174"]
[BlackElo "2380"]
[WhiteClock "00:00:50"]
[BlackClock "00:07:29"]
[WhiteTeam "Thüringen"]
[BlackTeam "Rheinland-Pfalz"]
[PlyCount "58"]
[WhiteFideId "4644034"]
[BlackFideId "24692050"]
[EventCountry "GER"]
[EventRounds "7"]
[EventType "team-swiss"]
[EventDate "2014.10.02"]

1. d4 {[%clk 1:30:58]} Nf6 {[%clk 1:30:49]} 2. c4 {[%clk 1:31:22]} g6 {[%clk
1:30:25]} 3. f3 {[%clk 1:31:48]} d5 {[%clk 1:26:19]} 4. cxd5 {[%clk 1:32:12]}
Nxd5 {[%clk 1:26:37]} 5. e4 {[%clk 1:32:33]} Nb6 {[%clk 1:26:50]} 6. Nc3 {[%clk
1:31:30]} Bg7 {[%clk 1:26:29]} 7. Be3 {[%clk 1:31:54]} O-O {[%clk 1:26:03]} 8.
Qd2 {[%clk 1:25:35]} Nc6 {[%clk 1:24:50]} 9. Rd1 {[%clk 1:18:25]} f5 {[%clk
1:18:37]} 10. e5 {[%clk 1:10:07]} Nb4 {[%clk 1:15:30]} 11. Nh3 {[%clk 0:56:08]}
e6 {[%clk 0:53:25]} 12. Be2 {[%clk 0:49:38]} h6 {[%clk 0:50:07]} 13. f4 {[%clk
0:48:21]} Bd7 {[%clk 0:47:49]} 14. O-O {[%clk 0:44:13]} Bc6 {[%clk 0:46:49]}
15. Rc1 {[%clk 0:41:20]} a5 {[%clk 0:43:23]} 16. a3 {[%clk 0:39:21]} N4d5
{[%clk 0:42:18]} 17. Nxd5 {[%clk 0:36:55]} Bxd5 {[%clk 0:40:26]} 18. Bf3 {[%clk
0:29:01]} Bxf3 {[%clk 0:37:58]} 19. Rxf3 {[%clk 0:29:24]} Rf7 {[%clk 0:37:48]}
20. Nf2 {[%clk 0:27:54]} Bf8 {[%clk 0:35:21]} 21. g4 {[%clk 0:26:47]} Kh7
{[%clk 0:31:00]} 22. Rg3 {[%clk 0:23:22]} Nd5 {[%clk 0:25:41]} 23. Qe2 {[%clk
0:17:05]} Ra6 {[%clk 0:16:42]} 24. gxf5 {[%clk 0:16:25]} exf5 {[%clk 0:12:48]}
25. Nd3 {[%clk 0:16:18]} Rd7 {[%clk 0:10:13]} 26. Bf2 {[%clk 0:10:23]} Rb6
{[%clk 0:09:40]} 27. Nc5 {[%clk 0:08:54]} Nxf4 {[%clk 0:08:25]} 28. Qe3 {[%clk
0:05:13]} Rxd4 {[%clk 0:08:02]} 29. Qf3 {[%clk 0:00:50]} Bxc5 {[%clk 0:07:29]}
0-1

[Event "Deutsche Ländermeisterschaft 2014"]
[Site "Hannover GER"]
[Date "2014.10.04"]
[Round "3"]
[White "Yankelevich, Lev"]
[Black "Hoffmann, Tim"]
[Result "1-0"]
[Termination "normal"]
[Board "4.2"]
[WhiteElo "2362"]
[BlackElo "2013"]
[WhiteClock "01:00:19"]
[BlackClock "00:44:20"]
[WhiteTeam "Rheinland-Pfalz"]
[BlackTeam "Thüringen"]
[PlyCount "59"]
[WhiteFideId "24684074"]
[BlackFideId "12900338"]
[EventCountry "GER"]
[EventRounds "7"]
[EventType "team-swiss"]
[EventDate "2014.10.02"]

1. e4 {[%clk 1:29:59]} c5 {[%clk 1:30:41]} 2. Nf3 {[%clk 1:30:22]} d6 {[%clk
1:31:00]} 3. Nc3 {[%clk 1:27:23]} Nf6 {[%clk 1:30:26]} 4. d4 {[%clk 1:27:45]}
cxd4 {[%clk 1:30:51]} 5. Nxd4 {[%clk 1:28:14]} a6 {[%clk 1:31:13]} 6. h3 {[%clk
1:28:42]} e5 {[%clk 1:27:55]} 7. Nde2 {[%clk 1:28:53]} h5 {[%clk 1:28:01]} 8.
g3 {[%clk 1:27:15]} Be7 {[%clk 1:26:38]} 9. Bg2 {[%clk 1:27:17]} Nbd7 {[%clk
1:19:51]} 10. a4 {[%clk 1:17:06]} b6 {[%clk 1:16:50]} 11. Bg5 {[%clk 1:16:23]}
Bb7 {[%clk 1:16:20]} 12. h4 {[%clk 1:13:38]} Qc7 {[%clk 1:15:10]} 13. Qd2
{[%clk 1:13:14]} Nc5 {[%clk 1:05:26]} 14. Bxf6 {[%clk 1:12:30]} Bxf6 {[%clk
1:05:18]} 15. Nd5 {[%clk 1:10:33]} Bxd5 {[%clk 1:05:13]} 16. Qxd5 {[%clk
1:10:54]} O-O {[%clk 1:04:47]} 17. Nc3 {[%clk 1:10:38]} Ne6 {[%clk 1:02:02]}
18. Qd1 {[%clk 1:08:02]} Nd4 {[%clk 1:00:16]} 19. O-O {[%clk 1:06:19]} g6
{[%clk 0:59:56]} 20. Nd5 {[%clk 1:05:46]} Qd8 {[%clk 1:00:09]} 21. c3 {[%clk
1:05:48]} Nc6 {[%clk 1:00:18]} 22. Qb3 {[%clk 1:05:27]} Bg7 {[%clk 0:54:59]}
23. Qxb6 {[%clk 1:05:23]} Qxb6 {[%clk 0:54:56]} 24. Nxb6 {[%clk 1:05:51]} Ra7
{[%clk 0:53:53]} 25. Rfd1 {[%clk 1:05:34]} Rd8 {[%clk 0:53:23]} 26. Nc4 {[%clk
1:04:37]} Bf8 {[%clk 0:52:54]} 27. Rd2 {[%clk 1:04:35]} Rad7 {[%clk 0:45:35]}
28. Rad1 {[%clk 1:04:03]} a5 {[%clk 0:44:47]} 29. Bh3 {[%clk 1:00:30]} Rb7
{[%clk 0:44:20]} 30. Nxd6 {[%clk 1:00:19]} 1-0